UBT Library

FORENSIC NURSING (Record no. 59078)

000 -LEADER
fixed length control field 00341nam a22001457a 4500
008 - FIXED-LENGTH DATA ELEMENTS--GENERAL INFORMATION
fixed length control field 221202b ||||| |||| 00| 0 eng d
020 ## - INTERNATIONAL STANDARD BOOK NUMBER
International Standard Book Number 9781558106994
041 ## - LANGUAGE CODE
Language code of text/sound track or separate title eng
080 ## - UNIVERSAL DECIMAL CLASSIFICATION NUMBER
Edition identifier 2ND EDITION
Universal Decimal Classification number 32
082 ## - DEWEY DECIMAL CLASSIFICATION NUMBER
Classification number 32ANA
100 ## - Rafti
Rafti 32.1
101 ## - Shkurtesa
Shkurtesa JURE
245 ## - TITLE STATEMENT
Title FORENSIC NURSING
Statement of responsibility, etc AMERICAN NURSES ASSOCIATION
942 ## - ADDED ENTRY ELEMENTS (KOHA)
Source of classification or shelving scheme
Item type Books
Holdings
Withdrawn status Lost status Source of classification or shelving scheme Damaged status Not for loan Collection code Permanent location Current location Date acquired Total Checkouts Full call number Barcode Date last seen Price effective from Koha item type
          Koleksioni i përgjithshem UBT - Lipjan UBT - Lipjan 12/02/2022   32ANA 002-800028700260944 12/02/2022 12/02/2022 Books
UBT Library © 2015-2024. All rights reserved University Education for Business and Technology